<?xml version="1.0" encoding="UTF-8"?><?xml-stylesheet type="text/xsl" href="static/style.xsl"?><OAI-PMH xmlns="http://www.openarchives.org/OAI/2.0/" xmlns:xsi="http://www.w3.org/2001/XMLSchema-instance" xsi:schemaLocation="http://www.openarchives.org/OAI/2.0/ http://www.openarchives.org/OAI/2.0/OAI-PMH.xsd"><responseDate>2026-04-18T06:16:46Z</responseDate><request verb="GetRecord" identifier="oai:www.recercat.cat:2072/378673" metadataPrefix="marc">https://recercat.cat/oai/request</request><GetRecord><record><header><identifier>oai:recercat.cat:2072/378673</identifier><datestamp>2026-03-29T00:37:23Z</datestamp><setSpec>com_2072_98</setSpec><setSpec>col_2072_378192</setSpec></header><metadata><record xmlns="http://www.loc.gov/MARC21/slim" xmlns:dcterms="http://purl.org/dc/terms/" xmlns:xsi="http://www.w3.org/2001/XMLSchema-instance" xmlns:doc="http://www.lyncode.com/xoai" xsi:schemaLocation="http://www.loc.gov/MARC21/slim http://www.loc.gov/standards/marcxml/schema/MARC21slim.xsd">
   <leader>00925njm 22002777a 4500</leader>
   <datafield ind2=" " ind1=" " tag="042">
      <subfield code="a">dc</subfield>
   </datafield>
   <datafield ind2=" " ind1=" " tag="720">
      <subfield code="a">García González, Helena</subfield>
      <subfield code="e">author</subfield>
   </datafield>
   <datafield ind2=" " ind1=" " tag="260">
      <subfield code="c">2002</subfield>
   </datafield>
   <datafield ind2=" " ind1=" " tag="520">
      <subfield code="a">El propósito de este artículo es mostrar las distintas formas de expresión que el concepto «enfermedad» ha tenido en la literatura latina y, en especial, en la literatura técnica médica. Mediante el rastreo directo de los textos tratamos de ver si, dependiendo de los autores y de la época, hay preferencias en la utilización de unos términos u otros y si, con el paso del tiempo, se produce una evolución en la semántica de dichos términos. Para ello hemos llevado a cabo calas en los autores que hemos considerado más significativos, comenzando por los de época arcaica y clásica y extendiéndonos hasta la traducción anónima de los Aforismos de Hipócrates del s. IV/V.</subfield>
   </datafield>
   <datafield ind2=" " ind1=" " tag="520">
      <subfield code="a">Our paper deals with the different words that have been used to term the concept of «illness», in the Latin literature and more specifically in the medical technical literature. Through direct analyses of the texts, we try to determine if there are given preferences in the use of some terms, depending on the author and the period. We also try to trace a possible evolution in the meaning of the studied terms. To do so, we have focused in the authors that we think are the most significant, from the archaic and classical period to the fourth/fifth-century anonymous translation of Hippocrates' Aphorisms.</subfield>
   </datafield>
   <datafield tag="653" ind2=" " ind1=" ">
      <subfield code="a">Lexicografía médica</subfield>
   </datafield>
   <datafield tag="653" ind2=" " ind1=" ">
      <subfield code="a">Concepto enfermedad</subfield>
   </datafield>
   <datafield tag="653" ind2=" " ind1=" ">
      <subfield code="a">Preferencias léxicas</subfield>
   </datafield>
   <datafield tag="653" ind2=" " ind1=" ">
      <subfield code="a">Evolución semántica</subfield>
   </datafield>
   <datafield tag="653" ind2=" " ind1=" ">
      <subfield code="a">Medical lexicography</subfield>
   </datafield>
   <datafield tag="653" ind2=" " ind1=" ">
      <subfield code="a">Illness</subfield>
   </datafield>
   <datafield tag="653" ind2=" " ind1=" ">
      <subfield code="a">Lexical preferences</subfield>
   </datafield>
   <datafield tag="653" ind2=" " ind1=" ">
      <subfield code="a">Semantic evolution</subfield>
   </datafield>
   <datafield ind2="0" ind1="0" tag="245">
      <subfield code="a">Algunas calas en la denominación del concepto «enfermedad»</subfield>
   </datafield>
</record></metadata></record></GetRecord></OAI-PMH>